书目信息 |
| 题名: |
中国共产党历史大辞典
|
|
| 作者: | 廖盖隆 主编 | |
| 分册: | 创立时期分册 | |
| 出版信息: | 北京 中共中央党校出版社 1989.3 |
|
| 页数: | 283页 | |
| 开本: | 20cm | |
| 丛书名: | ||
| 单 册: | ||
| 中图分类: | D23 | |
| 科图分类: | ||
| 主题词: | 中国共产党--党史 | |
| 电子资源: | ||
| ISBN: | 7-5035-0063-8 | |
| 000 | 00670nam0 2200217 45 | |
| 001 | 0190012138 | |
| 005 | 20060105111631.17 | |
| 010 | @a7-5035-0063-8@dCNY2.90 | |
| 100 | @a19921221d1989 ekmy0chiy0121 ea | |
| 101 | 0 | @achi |
| 102 | @aCN@b110000 | |
| 105 | @ay e 000yy | |
| 200 | 10 | @a中国共产党历史大辞典@AZHONG GUO GONG CHAN DANG LI SHI DA CI DIAN@i创立时期分册@f廖盖隆主编@FLIAO GAI LONG ZHU BIAN |
| 210 | @a北京@c中共中央党校出版社@d1989.3 | |
| 215 | @a283页@d20cm | |
| 517 | @a创立时期分册@AChuang Li Shi Qi Fen Ce | |
| 606 | 0 | @a中国共产党@x党史 |
| 690 | @aD23@v3 | |
| 701 | 0 | @a廖盖隆@4主编 |
| 801 | 0 | @aCN@bNLC@c20060105 |
| 905 | @f1@b220216@dD23@e100:2(1) | |
| 中国共产党历史大辞典.创立时期分册/廖盖隆主编.-北京:中共中央党校出版社,1989.3 |
| 283页;20cm |
| ISBN 7-5035-0063-8:CNY2.90 |
| ● |
| 相关链接 |
|
|
|
|
正题名:中国共产党历史大辞典
索取号:D23/100:2(1)
 
预约/预借
| 序号 | 登录号 | 条形码 | 馆藏地/架位号 | 状态 | 备注 |
| 1 | 0220216 | 002031358 | 第一样本阅览室/ [索取号:D23/100:2(1)] | 在馆 | |
| 2 | 0220217 | 202186856 | 密集书库/ [索取号:D23/100:2(1)] | 在馆 |